| 000 | 01140cam a2200301 a 4500 | ||
|---|---|---|---|
| 020 | _a0834803275 (Weatherhill) | ||
| 020 | _a0910407320 (Phoenix Art Museum) | ||
| 040 | _cDLC | ||
| 082 | 0 | 0 | _a769 WEA 1995 A087 Or. |
| 100 | 1 | _aMirviss, Joan B. | |
| 245 | 1 | 4 | _aThe Frank Lloyd Wright collection of surimono / |
| 250 | _a1st ed. | ||
| 260 |
_aNew York : _bWeatherhill ; _aPhoenix, Ariz. : _bPhoenix Art Museum, _c1995. |
||
| 300 |
_ax, 313 p. : _bill. (some col.) ; _c27 cm. |
||
| 500 | _a"Published in conjunction with the exhibition, Frank Lloyd Wright and Japanese art, organized by the Phoenix Art Museum ... and held at Phoenix Art Museum, March 11 through June 11, 1995 and Los Angeles County Museum of Art, September 10, 1995 through January 7, 1996." | ||
| 650 | 0 | _aColor prints, Japanese | |
| 650 | 0 | _aMiniature prints | |
| 650 | 0 | _aUkiyoe | |
| 650 | 0 | _aSurimono | |
| 650 | 0 | _aColor prints | |
| 650 | 0 | _aColor prints | |
| 650 | 0 | _aJapanese poetry | |
| 700 | 1 | _aWright, Frank Lloyd, | |
| 700 | 1 | _aCarpenter, John T. | |
| 710 | 2 | _aPhoenix Art Museum. | |
| 710 | 2 | _aLos Angeles County Museum of Art. | |
| 942 | _cEK | ||
| 999 |
_c16332 _d16332 |
||